[Event "GRE-ch South U14"]
[Site "Athens"]
[Date "2020.09.03"]
[Round "9"]
[White "Papadopoulos, Filippos"]
[Black "Basinas, Konstantinos"]
[Result "1/2-1/2"]
[WhiteElo "1430"]
[BlackElo "1500"]
[PlyCount "121"]
[EventDate "2020.08.28"]
[EventType "swiss"]
[EventRounds "9"]
[EventCountry "GRE"]
[SourceTitle "EXT 2023"]
[Source "ChessBase"]
[SourceDate "2022.10.05"]
[SourceVersion "1"]
[SourceVersionDate "2022.10.05"]
[SourceQuality "1"]

1. e4 e5 2. Nf3 Nc6 3. Bb5 a6 4. Ba4 Nf6 5. 0-0 b5 6. Bb3 d6 7. Re1 Be7 8. c3 0-0 9. h3 Na5 10. Bc2 c5 11. d4 Nd7 12. Nbd2 cxd4 13. cxd4 Nc6 14. Nf1 Nb6 15. dxe5 dxe5 16. Ne3 Be6 17. Bd2 Qc7 18. Rc1 Rac8 19. Bb3 Qd7 20. Bc3 Qxd1 21. Rexd1 Bxb3 22. axb3 f6 23. Nf5 Kf7 24. Bd2 g6 25. Nxe7 Nxe7 26. Be3 Rxc1 27. Rxc1 Nd7 28. Ne1 Rc8 29. Rxc8 Nxc8 30. Nd3 Nd6 31. f3 a5 32. Bd2 a4 33. Bb4 Ke6 34. bxa4 bxa4 35. Kf2 f5 36. Bxd6 Kxd6 37. Ke3 Nc5 38. Nf2 f4+ 39. Kd2 Kc6 40. Ng4 Nd7 41. Kc3 Kb5 42. h4 h5 43. Nh6 Nb6 44. Nf7 Nc4 45. Nh8 Ne3 46. Nxg6 Nxg2 47. Nxe5 Nxh4 48. Nd3 Ng6 49. Nf2 h4 50. Nh3 Ne5 51. Ng5 Ka5 52. Kd4 Ng6 53. Kc5 Ne5 54. Kd4 Kb4 55. Kxe5 Kb3 56. Kxf4 Kxb2 57. e5 a3 58. e6 a2 59. e7 a1Q 60. e8Q Qc1+ 61. Kg4 1/2-1/2

[Event "GRE-ch South U14"]
[Site "Athens"]
[Date "2020.09.02"]
[Round "8"]
[White "Goutoufas, Christos"]
[Black "Papadopoulos, Filippos"]
[Result "0-1"]
[WhiteElo "1471"]
[BlackElo "1430"]
[PlyCount "50"]
[EventDate "2020.08.28"]
[EventType "swiss"]
[EventRounds "9"]
[EventCountry "GRE"]
[SourceTitle "EXT 2023"]
[Source "ChessBase"]
[SourceDate "2022.10.05"]
[SourceVersion "1"]
[SourceVersionDate "2022.10.05"]
[SourceQuality "1"]

1. e4 c5 2. Nf3 d6 3. d4 cxd4 4. Nxd4 Nf6 5. Nc3 a6 6. Be3 e6 7. f3 Nbd7 8. Bc4 Ne5 9. Bb3 Be7 10. Qd2 0-0 11. 0-0-0 b5 12. g4 b4 13. Nce2 Bb7 14. Qxb4 Rb8 15. Qd2 d5 16. g5 Ne8 17. Nc3 dxe4 18. fxe4 Nd6 19. Bf4 Ng6 20. Bxd6 Bxg5 21. Qxg5 Qxg5+ 22. Kb1 Rbd8 23. Bxf8 Nxf8 24. Rhe1 Qf6 25. e5 Qh4 0-1

[Event "GRE-ch South U14"]
[Site "Athens"]
[Date "2020.08.31"]
[Round "6"]
[White "Dervishi, Claudio"]
[Black "Papadopoulos, Filippos"]
[Result "0-1"]
[WhiteElo "1172"]
[BlackElo "1430"]
[PlyCount "93"]
[EventDate "2020.08.28"]
[EventType "swiss"]
[EventRounds "9"]
[EventCountry "GRE"]
[SourceTitle "EXT 2023"]
[Source "ChessBase"]
[SourceDate "2022.10.05"]
[SourceVersion "1"]
[SourceVersionDate "2022.10.05"]
[SourceQuality "1"]

1. e4 c5 2. Nf3 d6 3. Bb5+ Nd7 4. 0-0 a6 5. Bxd7+ Bxd7 6. d4 cxd4 7. Qxd4 e5 8. Qd3 Nf6 9. Bg5 Bc6 10. Nbd2 h6 11. Bh4 Be7 12. Rfe1 0-0 13. c4 Nd7 14. Bxe7 Qxe7 15. b4 b5 16. Rac1 Rfd8 17. Red1 Nb6 18. Qe3 Nxc4 19. Nxc4 bxc4 20. Rxc4 Qb7 21. Rdc1 Rac8 22. Nd2 d5 23. exd5 Bxd5 24. Rxc8 Rxc8 25. Rxc8+ Qxc8 26. Qc5 Qb7 27. f3 Bxa2 28. Qxe5 Qxb4 29. Qe8+ Kh7 30. Qe4+ Qxe4 31. Nxe4 Bd5 32. Nc3 Bc6 33. Kf2 a5 34. Nb1 Kg6 35. Kg3 Kf5 36. Kf2 a4 37. g3 Ke5 38. Ke3 Kd5 39. Nc3+ Kc4 40. Nxa4 Bxa4 41. Kf4 Kd4 42. h4 Bd7 43. g4 Bc8 44. h5 Bd7 45. g5 hxg5+ 46. Kxg5 Ke3 47. f4 0-1

[Event "GRE-ch South U14"]
[Site "Athens"]
[Date "2020.08.29"]
[Round "2"]
[White "Asvestas, Emmanouil"]
[Black "Papadopoulos, Filippos"]
[Result "1-0"]
[WhiteElo "1579"]
[BlackElo "1430"]
[PlyCount "87"]
[EventDate "2020.08.28"]
[EventType "swiss"]
[EventRounds "9"]
[EventCountry "GRE"]
[SourceTitle "EXT 2023"]
[Source "ChessBase"]
[SourceDate "2022.10.05"]
[SourceVersion "1"]
[SourceVersionDate "2022.10.05"]
[SourceQuality "1"]

1. e4 c5 2. Nc3 d6 3. g3 g6 4. Bg2 Bg7 5. d3 e6 6. f4 Ne7 7. Nf3 Nbc6 8. 0-0 0-0 9. Rb1 Qd7 10. Bd2 b6 11. Ne2 Bb7 12. Bc3 e5 13. a3 Nd4 14. Nexd4 cxd4 15. Bd2 f5 16. Ne1 Rae8 17. c4 exf4 18. Bxf4 fxe4 19. dxe4 Qe6 20. Nf3 Nc6 21. Re1 Be5 22. Bxe5 dxe5 23. Qd3 Nd8 24. b4 Ba6 25. Nd2 Re7 26. a4 Rc7 27. Rec1 Qe7 28. Qb3 Kh8 29. Rf1 Ne6 30. Rxf8+ Nxf8 31. Bf1 Nd7 32. Qf3 Qf6 33. Qg2 Qe7 34. Bd3 Nf6 35. h3 Qe6 36. g4 Ne8 37. Rf1 Rf7 38. Rxf7 Qxf7 39. Qg3 Qf4 40. Qxf4 exf4 41. Nb3 Nd6 42. c5 bxc5 43. bxc5 Nc4 44. c6 1-0

[Event "GRE-ch South U14"]
[Site "Athens"]
[Date "2020.08.29"]
[Round "3"]
[White "Papadopoulos, Filippos"]
[Black "Thanatis, Thomas"]
[Result "1-0"]
[WhiteElo "1430"]
[BlackElo "1164"]
[PlyCount "61"]
[EventDate "2020.08.28"]
[EventType "swiss"]
[EventRounds "9"]
[EventCountry "GRE"]
[SourceTitle "EXT 2023"]
[Source "ChessBase"]
[SourceDate "2022.10.05"]
[SourceVersion "1"]
[SourceVersionDate "2022.10.05"]
[SourceQuality "1"]

1. e4 e6 2. d4 d5 3. Nd2 c5 4. Ngf3 Qb6 5. exd5 exd5 6. c3 Nc6 7. Qe2+ Be7 8. dxc5 Qxc5 9. Nb3 Qd6 10. Be3 Nf6 11. Qc2 0-0 12. Bd3 Re8 13. 0-0 Bg4 14. Nbd4 Rad8 15. h3 Bh5 16. Nf5 Qd7 17. Nxe7+ Rxe7 18. Nd4 Rc8 19. Bf5 Nxd4 20. Bxd4 Bg6 21. Bxd7 Bxc2 22. Bxc8 h5 23. Bxf6 gxf6 24. g4 Re8 25. Bf5 Bxf5 26. gxf5 Re5 27. Rfe1 Rxf5 28. Re7 Rf3 29. Kg2 Rd3 30. Rxb7 Rd2 31. a4 1-0